000 00446nmm a2200157Ia 4500
008 251105s9999||||xx |||||||||||||||||und||
020 _a9789586486415
041 _aspa
100 _aSabogal Bernal, Edinson
245 0 _aGuía laboral 2010
264 _a[Bogotá, Colombia] :
_bEcoe Ediciones,
_c2010
300 _a296 páginas
650 _aEconomics and Business
856 _uhttps://public.digitaliapublishing.com/a/102970
942 _cCF
999 _c95294
_d95294